[Event "ROM-ch U16"]
[Site "Calimanesti"]
[Date "2018.03.29"]
[Round "3"]
[White "Sopon, David Paul"]
[Black "Palii, Alex"]
[Result "0-1"]
[WhiteElo "1358"]
[BlackElo "1829"]
[PlyCount "50"]
[EventDate "2018.03.27"]
[EventType "swiss"]
[EventRounds "9"]
[EventCountry "ROU"]
[SourceTitle "CBM 183 Extra"]
[Source "ChessBase"]
[SourceDate "2018.04.19"]
[SourceVersion "1"]
[SourceVersionDate "2018.04.19"]
[SourceQuality "1"]

1. e4 c5 2. Nf3 e6 3. d4 cxd4 4. Nxd4 a6 5. c4 Qc7 6. Nc3 Nf6 7. f3 Nc6 8. Be3 Be7 9. Be2 0-0 10. g4 b6 11. g5 Nh5 12. Qd2 Nxd4 13. Bxd4 Nf4 14. h4 Bb7 15. b3 Bb4 16. a3 Be7 17. Be3 Ng2+ 18. Kf1 Nxe3+ 19. Qxe3 Bc5 20. Qc1 f5 21. gxf6 Rxf6 22. Kg2 Rg6+ 23. Kf1 Qg3 24. Nd1 Qg1+ 25. Rxg1 Rxg1# 0-1

[Event "ROM-ch U16"]
[Site "Calimanesti"]
[Date "2018.03.28"]
[Round "2"]
[White "Toma, Mihai Iulian"]
[Black "Sopon, David Paul"]
[Result "0-1"]
[WhiteElo "1597"]
[BlackElo "1358"]
[PlyCount "52"]
[EventDate "2018.03.27"]
[EventType "swiss"]
[EventRounds "9"]
[EventCountry "ROU"]
[SourceTitle "CBM 183 Extra"]
[Source "ChessBase"]
[SourceDate "2018.04.19"]
[SourceVersion "1"]
[SourceVersionDate "2018.04.19"]
[SourceQuality "1"]

1. e4 Nf6 2. e5 Nd5 3. d4 d6 4. Nf3 Bg4 5. Be2 Nc6 6. c4 Nb6 7. 0-0 Bxf3 8. Bxf3 dxe5 9. c5 Nd5 10. Qb3 Nxd4 11. Qa4+ c6 12. Rd1 Nxf3+ 13. gxf3 e6 14. Qc2 Qe7 15. Qb3 0-0-0 16. Nc3 Nxc3 17. Rxd8+ Qxd8 18. Qxc3 Qd4 19. Qb3 Qd5 20. Be3 Qxb3 21. axb3 a6 22. Rd1 Be7 23. Kf1 Rd8 24. Rxd8+ Bxd8 25. Ke2 b6 26. cxb6 Kb7 0-1

[Event "ROM-ch U14"]
[Site "Baile Felix"]
[Date "2017.02.08"]
[Round "8"]
[White "Iliescu, Mihai Octavian"]
[Black "Sopon, David Paul"]
[Result "1-0"]
[WhiteElo "1543"]
[BlackElo "1334"]
[PlyCount "59"]
[EventDate "2017.02.02"]
[EventType "swiss"]
[EventRounds "9"]
[EventCountry "ROU"]
[SourceTitle "CBM 176 Extra"]
[Source "ChessBase"]
[SourceDate "2017.03.02"]
[SourceVersion "1"]
[SourceVersionDate "2017.03.02"]
[SourceQuality "1"]

1. e4 d5 2. exd5 Qxd5 3. Nc3 Qd6 4. d4 a6 5. Nf3 Bg4 6. Bd3 c6 7. Be3 Nd7 8. h3 Bh5 9. g4 Bg6 10. Qd2 Bxd3 11. Qxd3 e6 12. 0-0-0 Qc7 13. Ne5 f6 14. Nc4 g6 15. f4 0-0-0 16. Qe2 Bh6 17. g5 fxg5 18. fxg5 Bg7 19. Rhf1 b5 20. Bf4 e5 21. Nxe5 Nxe5 22. dxe5 Rxd1+ 23. Nxd1 Qd7 24. e6 Qd8 25. Nc3 Ne7 26. Rd1 Qe8 27. Rd7 Bxc3 28. bxc3 Nd5 29. Qe5 Rf8 30. Qb8# 1-0

[Event "ROM-ch U14"]
[Site "Baile Felix"]
[Date "2017.02.06"]
[Round "6"]
[White "Ignat, Matei Marius"]
[Black "Sopon, David Paul"]
[Result "1-0"]
[WhiteElo "1528"]
[BlackElo "1334"]
[PlyCount "145"]
[EventDate "2017.02.02"]
[EventType "swiss"]
[EventRounds "9"]
[EventCountry "ROU"]
[SourceTitle "CBM 176 Extra"]
[Source "ChessBase"]
[SourceDate "2017.03.02"]
[SourceVersion "1"]
[SourceVersionDate "2017.03.02"]
[SourceQuality "1"]

1. e4 Nf6 2. e5 Nd5 3. d4 d6 4. Bc4 Nb6 5. Bb3 dxe5 6. Qf3 e6 7. dxe5 Nc6 8. Qg3 g6 9. c3 Bg7 10. Bg5 Qd7 11. Nf3 0-0 12. 0-0 Qe8 13. Nbd2 Nd7 14. Rfe1 b6 15. Qf4 Bb7 16. Bh6 Na5 17. Bc2 Bxf3 18. Nxf3 Rc8 19. b4 Nb7 20. Bb3 c5 21. Rad1 a6 22. Rd2 cxb4 23. cxb4 Rc7 24. Red1 Qc8 25. Bxg7 Kxg7 26. Nd4 Rc1 27. Bxe6 Rxd1+ 28. Rxd1 fxe6 29. Nxe6+ Kg8 30. Nxf8 Nxf8 31. Qd4 b5 32. h3 Ne6 33. Qd7 Qxd7 34. Rxd7 Ned8 35. e6 Nxe6 36. Rxb7 Nd4 37. Rb6 Nc2 38. Rxa6 Nxb4 39. Rb6 Nxa2 40. Rxb5 Kg7 41. g4 Kh6 42. Kg2 Nc3 43. Ra5 Ne4 44. f4 g5 45. Ra6+ Kg7 46. Kf3 Nd2+ 47. Ke2 Ne4 48. Kf3 Nd2+ 49. Ke2 Ne4 50. f5 Kf7 51. Ra7+ Kg8 52. Ke3 Nd6 53. Rd7 Nf7 54. Kd4 Kg7 55. Kd5 Kf6 56. Ke4 Kg7 57. Ra7 Kf6 58. Ra6+ Kg7 59. Kd5 Kf8 60. Ke6 Nd8+ 61. Kf6 Ke8 62. Ra8 Kd7 63. Rxd8+ Kxd8 64. Kxg5 Ke8 65. Kh6 Kf8 66. Kxh7 Kf7 67. h4 Kf8 68. g5 Kf7 69. f6 Kf8 70. Kg6 Kg8 71. f7+ Kf8 72. h5 Ke7 73. Kg7 1-0

[Event "ROM-ch U14"]
[Site "Baile Felix"]
[Date "2017.02.02"]
[Round "1"]
[White "Sopon, David Paul"]
[Black "Magold, Victor"]
[Result "0-1"]
[WhiteElo "1334"]
[BlackElo "1826"]
[PlyCount "120"]
[EventDate "2017.02.02"]
[EventType "swiss"]
[EventRounds "9"]
[EventCountry "ROU"]
[SourceTitle "CBM 176 Extra"]
[Source "ChessBase"]
[SourceDate "2017.03.02"]
[SourceVersion "1"]
[SourceVersionDate "2017.03.02"]
[SourceQuality "1"]

1. e4 d6 2. d4 g6 3. Nf3 Bg7 4. Nc3 Nf6 5. Bg5 0-0 6. Qd2 Bg4 7. Be2 Nbd7 8. h3 Bxf3 9. Bxf3 c6 10. g4 Qa5 11. h4 e5 12. d5 cxd5 13. exd5 Rfc8 14. h5 Rxc3 15. Qxc3 Qxc3+ 16. bxc3 e4 17. Bxf6 Nxf6 18. h6 Bh8 19. Bg2 Nxg4 20. Ke2 Bxc3 21. Rab1 b6 22. Bxe4 Re8 23. Kf3 f5 24. Bd3 Bd2 25. Kg3 Nf6 26. Rb3 Re7 27. f3 Kf8 28. Bc4 Rc7 29. Rd3 Bg5 30. Bb3 Nh5+ 31. Kg2 Bxh6 32. Rdd1 Bf4 33. Rd4 Be5 34. Rdh4 Nf4+ 35. Kf1 h5 36. Rg1 Kf7 37. a4 Kf6 38. c4 g5 39. Rh2 h4 40. Rgh1 Nd3 41. Rc2 Rh7 42. Rh3 Nf4 43. Rh1 h3 44. Ra2 a5 45. Rc2 g4 46. fxg4 fxg4 47. Rf2 Kg5 48. Rg1 h2 49. Rh1 g3 50. Rxf4 Bxf4 51. Bc2 Re7 52. Bd1 Be5 53. Kg2 Rf7 54. Bf3 Kh4 55. Rb1 Rf4 56. Rxb6 Rxf3 57. Kxf3 h1Q+ 58. Ke2 Qe4+ 59. Kd2 Bf4+ 60. Kc3 Qe3+ 0-1